[Event "Kaltern op 5th"]
[Site "Kaltern"]
[Date "2022.10.23"]
[Round "5"]
[White "Kezic, Andreas"]
[Black "Capraro, Fabio"]
[Result "1/2-1/2"]
[WhiteElo "1922"]
[BlackElo "1908"]
[PlyCount "73"]
[EventDate "2022.10.21"]
[EventType "swiss"]
[EventRounds "5"]
[EventCountry "ITA"]
[SourceTitle "EXT 2024"]
[Source "ChessBase"]
[SourceDate "2023.10.10"]
[SourceVersion "1"]
[SourceVersionDate "2023.10.10"]
[SourceQuality "1"]

1. e4 c5 2. Nf3 a6 3. d4 cxd4 4. Nxd4 e5 5. Nf3 Nf6 6. Bd3 d5 7. Qe2 dxe4 8. Bxe4 Nxe4 9. Qxe4 Nc6 10. 0-0 Be7 11. Nxe5 Nxe5 12. Qxe5 0-0 13. c3 Bf6 14. Qe2 Re8 15. Be3 Bf5 16. Rd1 Qc7 17. Na3 Be5 18. h3 Re6 19. Nc4 Bh2+ 20. Kh1 Rae8 21. Rd4 b5 22. Na3 Rh6 23. Qf3 Rf6 24. Bg5 Rfe6 25. g3 Bxg3 26. Qxg3 Qc6+ 27. Kh2 h6 28. Qf4 Rg6 29. Rg1 Bc8 30. Nc2 Rxg5 31. Rxg5 hxg5 32. Qxg5 Qe6 33. Qg3 Bb7 34. Ne3 Qc6 35. Ng2 Re6 36. Qb8+ Re8 37. Qg3 1/2-1/2

[Event "Kaltern op 5th"]
[Site "Kaltern"]
[Date "2022.10.22"]
[Round "2"]
[White "Bisaro, Andrea"]
[Black "Kezic, Andreas"]
[Result "0-1"]
[WhiteElo "1819"]
[BlackElo "1922"]
[PlyCount "68"]
[EventDate "2022.10.21"]
[EventType "swiss"]
[EventRounds "5"]
[EventCountry "ITA"]
[SourceTitle "EXT 2024"]
[Source "ChessBase"]
[SourceDate "2023.10.10"]
[SourceVersion "1"]
[SourceVersionDate "2023.10.10"]
[SourceQuality "1"]

1. d4 Nf6 2. c4 e6 3. Nf3 d5 4. Bg5 Bb4+ 5. Nbd2 c6 6. a3 Be7 7. e3 0-0 8. Qc2 Nbd7 9. Bd3 Re8 10. 0-0 h6 11. Bh4 Nh5 12. Bxe7 Qxe7 13. Ne5 Nhf6 14. f4 c5 15. Rac1 b6 16. cxd5 Nxd5 17. Rf3 cxd4 18. Nc6 Qf8 19. Nxd4 Bb7 20. e4 Rac8 21. Qb1 Nxf4 22. Bb5 Rxc1+ 23. Qxc1 Qd6 24. N2b3 Ng6 25. Qf1 Nge5 26. Rc3 Bxe4 27. Bxd7 Nxd7 28. Nb5 Qe5 29. Nxa7 Nf6 30. h3 Nd5 31. Qb5 Ra8 32. Rc8+ Rxc8 33. Nxc8 Qxb2 34. Nd6 Qxg2# 0-1

[Event "Bodensee op"]
[Site "Bregenz"]
[Date "2022.05.25"]
[Round "5"]
[White "Kezic, Andreas"]
[Black "Felgendreher, Heiko"]
[Result "1/2-1/2"]
[WhiteElo "1903"]
[BlackElo "2138"]
[PlyCount "56"]
[EventDate "2022.05.21"]
[EventType "swiss"]
[EventRounds "9"]
[EventCountry "AUT"]
[SourceTitle "CBM 208 Extra"]
[Source "ChessBase"]
[SourceDate "2022.07.31"]
[SourceVersion "1"]
[SourceVersionDate "2022.07.31"]
[SourceQuality "1"]

1. e4 d5 2. exd5 Qxd5 3. Nc3 Qd6 4. d4 Nf6 5. Nf3 c6 6. h3 g6 7. Bc4 Bg7 8. 0-0 0-0 9. Re1 Nbd7 10. Qe2 Nb6 11. Bb3 e6 12. Ne4 Nxe4 13. Qxe4 Re8 14. c3 Nd5 15. Ne5 b5 16. Nxc6 Bb7 17. Ne5 Re7 18. Qh4 f6 19. Nd3 Rae8 20. Bd2 Kh8 21. Nc5 Ba8 22. Ne4 Qc6 23. f3 Bb7 24. Nc5 Bc8 25. Bc2 Kg8 26. Bb3 Kh8 27. Bc2 Kg8 28. Bb3 Kh8 1/2-1/2